Caligrafía cursiva actual 2 / (Record no. 51105)
[ view plain ]
| 000 -CABECERA | |
|---|---|
| campo de control de longitud fija | 00785nam a22002537a 4500 |
| 003 - IDENTIFICADOR DEL NÚMERO DE CONTROL | |
| campo de control | DO-SdBNP |
| 005 - FECHA Y HORA DE LA ÚLTIMA TRANSACCIÓN | |
| campo de control | 20211206122208.0 |
| 007 - CAMPO FIJO DE DESCRIPCIÓN FÍSICA--INFORMACIÓN GENERAL | |
| campo de control de longitud fija | ta |
| 008 - DATOS DE LONGITUD FIJA--INFORMACIÓN GENERAL | |
| campo de control de longitud fija | 211206b200? a|||c |||| 00| 0 spa d |
| 020 ## - NÚMERO INTERNACIONAL ESTÁNDAR DEL LIBRO | |
| Número Internacional Estándar del Libro | 9993491756 |
| 040 ## - FUENTE DE LA CATALOGACIÓN | |
| Centro catalogador/agencia de origen | DO-SdBNP |
| Lengua de catalogación | spa |
| Centro/agencia transcriptor | BNPHU |
| 082 4# - NÚMERO DE LA CLASIFICACIÓN DECIMAL DEWEY | |
| Número de edición | 22 |
| Número de clasificación | 372.634 |
| Número de documento/Ítem | C153 |
| 245 10 - MENCIÓN DE TÍTULO | |
| Título | Caligrafía cursiva actual 2 / |
| Mención de responsabilidad, etc. | ilus. Alejandro Juzgado |
| 260 ## - PUBLICACIÓN, DISTRIBUCIÓN, ETC. | |
| Lugar de publicación, distribución, etc. | Santo Domingo : |
| Nombre del editor, distribuidor, etc. | Actualidad Escolar 2000, |
| Fecha de publicación, distribución, etc. | [2000?]. |
| 300 ## - DESCRIPCIÓN FÍSICA | |
| Extensión | 31 p. : |
| Otras características físicas | il. ; |
| Dimensiones | 27 cm |
| 490 ## - MENCIÓN DE SERIE | |
| Mención de serie | Actualidad Escolar 2000, |
| 590 ## - NOTA LOCAL (RLIN) | |
| Nota local | Inventariado, 2021 / SA |
| 650 40 - PUNTO DE ACCESO ADICIONAL DE MATERIA--TÉRMINO DE MATERIA | |
| 9 (RLIN) | 34971 |
| Término de materia o nombre geográfico como elemento de entrada | Caligrafía |
| 650 40 - PUNTO DE ACCESO ADICIONAL DE MATERIA--TÉRMINO DE MATERIA | |
| 9 (RLIN) | 30847 |
| Término de materia o nombre geográfico como elemento de entrada | Caligrafía |
| Subdivisión general | Estudio y Enseñanza |
| 700 #0 - PUNTO DE ACCESO ADICIONAL--NOMBRE DE PERSONA | |
| 9 (RLIN) | 74437 |
| Nombre de persona | Juzgado, Alejandro |
| Término indicativo de función/relación | ilustrador |
| 700 #0 - PUNTO DE ACCESO ADICIONAL--NOMBRE DE PERSONA | |
| Nombre de persona | Gallegos, María E. |
| Término indicativo de función/relación | Corrección |
| 9 (RLIN) | 80823 |
| 910 ## - DATOS DE OPCIÓN DEL USUARIO (OCLC) | |
| Datos de opción del usuario | Saquino |
| 942 ## - ELEMENTOS DE PUNTO DE ACCESO ADICIONAL (KOHA) | |
| Fuente del sistema de clasificación o colocación | Dewey Decimal Classification |
| Tipo de ítem Koha | Folleto |
| Estado de retiro | Estado de pérdida | Fuente del sistema de clasificación o colocación | Restricciones de uso | No para préstamo | Código de colección | Localización permanente | Ubicación/localización actual | Ubicación en estantería | Fecha de adquisición | Fuente de adquisición | Total de préstamos | Signatura topográfica completa | Código de barras | Fecha visto por última vez | Precio válido a partir de | Tipo de ítem Koha | Nota pública | Número de copia |
|---|---|---|---|---|---|---|---|---|---|---|---|---|---|---|---|---|---|---|
| Dewey Decimal Classification | Excluido de préstamo | Monografías: Libros y Folletos | Biblioteca Nacional Pedro Henríquez Ureña | Patrimonio Dominicano | En catalogación | 06.11.2008 | Deposito Legal | BNPHU PD 372.634 C153 | 2021-28511 | 06.12.2021 | 06.12.2021 | Folleto | S/A | |||||
| Dewey Decimal Classification | En proceso de descripción | Monografías: Libros y Folletos | Biblioteca Nacional Pedro Henríquez Ureña | Patrimonio Dominicano | En catalogación | 06.11.2008 | Deposito Legal | BNPHU PD 372.634 C153 | 2021-28512 | 06.12.2021 | 06.12.2021 | Folleto | S/A | e.2 |
